Ötvenéves a nagymegyeri gimnázium a raktárokból, a szekrények mélyéről féltve őrzött tárgyak, emlékek kerültek elő ...

Bibliographic Details
Main Author: Lakatos, Krisztina (Author)
Format: Article
Language:Hungarian
PhysicalDescription:Fotogr.
Subjects:

MARC

LEADER 00000nab a2200000 ar4500
001 vtls009163510
003 SK-MaSNL
005 20260318132902.0
008 071128c20071128xo |||||||| 000 b|hun
015 |a SNBRB2007/11  |2 snkbucl 
038 |a SNKBUCL 
040 |a DSZK  |b slo  |c DSZK  |e AACR2 
041 0 |a hun 
044 |a xo  |c SK 
080 |a 373.54  |x (=511.141)  |x (437.6)  |2 1997 
080 |a 061.75  |2 1997 
100 1 |a Lakatos, Krisztina  |4 aut  |9 352243 
245 1 0 |a Ötvenéves a nagymegyeri gimnázium  |b a raktárokból, a szekrények mélyéről féltve őrzött tárgyak, emlékek kerültek elő ...  |c Lakatos Krisztina 
300 |b Fotogr. 
500 |a Na dokumente chybné číslovanie Prílohy 
500 |a Obsahuje výňatok z článku, ktorý bol publikovaný pred 50 rokmi v Új szó 
610 2 7 |a Gymnázium s vyučovacím jazykom maďarským (Veľký Meder, Slovensko)  |2 snkbucl  |9 232693 
648 7 |a 2007  |2 snkbucl  |9 313226 
648 7 |a 19.10.2007  |2 snkbucl  |9 405407 
650 0 7 |a spomienkové podujatia  |2 snkbucl  |9 120764 
651 7 |a Veľký Meder (Slovensko)  |2 snkbucl  |9 19224 
773 0 |t Új szó  |g Évf. 60, sz. 273 (28.11.2007), o. 29 
773 0 8 |i Mell.:  |t Szülőföldünk  |g Évf. 4, sz. 45[46] (2007) 
852 |a SNK  |b KIS3GCP 
852 |a DSZK  |b KIS3GCP 
958 |a HU 
958 |a SK 
999 |c 2161369  |d 2163299